[Event "Rio Clao IRT Interior op"]
[Site "Rio Claro"]
[Date "2012.11.03"]
[Round "4"]
[White "Pastana, Rafael Pedroni"]
[Black "Miyamoto, Matheus Bellucci"]
[Result "1/2-1/2"]
[WhiteElo "1717"]
[BlackElo "1800"]
[PlyCount "103"]
[EventDate "2012.11.02"]
[EventType "swiss"]
[EventRounds "6"]
[EventCountry "BRA"]
[SourceTitle "CBM 151 Extra"]
[Source "ChessBase"]
[SourceDate "2012.12.18"]
[SourceVersion "1"]
[SourceVersionDate "2012.12.18"]
[SourceQuality "1"]

1. d4 Nf6 2. c4 g6 3. Nc3 d5 4. Nf3 Bg7 5. Bf4 c6 6. e3 0-0 7. Bd3 a6 8. Rc1 e6 9. 0-0 Nbd7 10. a3 Re8 11. cxd5 exd5 12. b4 Qe7 13. Qb3 h6 14. a4 Nh5 15. Bg3 Nxg3 16. hxg3 Nf6 17. Ra1 Be6 18. b5 axb5 19. axb5 c5 20. Qb2 Ne4 21. Na4 cxd4 22. Nxd4 Nc5 23. Nxc5 Qxc5 24. Rfc1 Qb6 25. Qb4 Rxa1 26. Rxa1 Rc8 27. Be2 Kh7 28. Bf3 Rc4 29. Qa5 Bxd4 30. exd4 Qxd4 31. Rd1 Qc5 32. Rd2 Rb4 33. Be2 Qc3 34. Rd1 d4 35. Qb6 Bb3 36. Qxb7 Qc2 37. Qf3 Rxb5 38. Bxb5 Qxd1+ 39. Qxd1 Bxd1 40. Kf1 Bg4 41. f3 Bf5 42. Ke2 Kg7 43. g4 Be6 44. Kd3 Kf6 45. Kxd4 Kg5 46. g3 Bxg4 47. fxg4 Kxg4 48. Be8 Kxg3 49. Bxf7 g5 50. Ke3 g4 51. Bh5 Kh4 52. Bxg4 1/2-1/2

[Event "Rio Clao IRT Interior op"]
[Site "Rio Claro"]
[Date "2012.11.02"]
[Round "2"]
[White "Schucman, Rebeca Lot"]
[Black "Miyamoto, Matheus Bellucci"]
[Result "0-1"]
[WhiteElo "1620"]
[BlackElo "1800"]
[PlyCount "78"]
[EventDate "2012.11.02"]
[EventType "swiss"]
[EventRounds "6"]
[EventCountry "BRA"]
[SourceTitle "CBM 151 Extra"]
[Source "ChessBase"]
[SourceDate "2012.12.18"]
[SourceVersion "1"]
[SourceVersionDate "2012.12.18"]
[SourceQuality "1"]

1. d4 Nf6 2. c4 c5 3. e3 g6 4. Nf3 Bg7 5. Nc3 0-0 6. Be2 e6 7. dxc5 Qa5 8. 0-0 Qxc5 9. e4 Qe7 10. Bf4 Ne8 11. Nb5 e5 12. Be3 a6 13. Nc3 Nf6 14. Bg5 d6 15. Nd5 Qd8 16. Nxf6+ Bxf6 17. Bxf6 Qxf6 18. Qd2 Bg4 19. Ne1 Bxe2 20. Qxe2 Nc6 21. Nc2 Rac8 22. Rfd1 Qe6 23. Rd2 Rfd8 24. Rad1 Ne7 25. Ne3 Nc6 26. Nc2 Ne7 27. b3 f5 28. f3 f4 29. Nb4 a5 30. Nd5 Nc6 31. Qf2 Nd4 32. Nxf4 Qf7 33. Ne2 Nxe2+ 34. Qxe2 Qc7 35. Rd5 a4 36. Kh1 axb3 37. axb3 Qb6 38. Qd3 Ra8 39. Rxd6 Rxd6 0-1